| 000 | 00708 a2200229 4500 | ||
|---|---|---|---|
| 005 | 20260317124416.0 | ||
| 008 | 260317b |||||||| |||| 00| 0 eng d | ||
| 020 | _a9788196166113 (hbk) | ||
| 037 | _cTB | ||
| 040 |
_aCRL _cCRL |
||
| 041 |
_2URD _aURD |
||
| 084 |
_aO168,3NKH,AD R4 _bCRL |
||
| 100 |
_aFarooq Khalid _91115533 |
||
| 245 | _aApni duaon ke aseer | ||
| 260 |
_aLucknow, India: _bMatterlink Publishers, _c2024. |
||
| 300 | _a695p. | ||
| 365 |
_b1200.00 _cINR |
||
| 650 |
_aUrdu Liteature _91131572 |
||
| 650 | _aUrdu Fiction | ||
| 942 |
_cTB _2CC _hO168,3NKH,AD R4 |
||
| 999 |
_c1679506 _d1679506 |
||